The pollsters ; public opinion, politics and democratic leadership.

Bibliographic Details
Main Author: Rogers, Lindsay, 1891-1970
Format: Book
Language:English
Published: New York : A. A. Knopf, 1949.
Edition:[1st ed.].
Subjects:

MARC

Tag First Indicator Second Indicator Subfields
LEADER 00000cam a2200000 4500
001 in00000037785
005 20151007080624.0
008 730201s1949 eng u
010 |a  49007842  
035 |a (OCoLC)00550670 
035 |9 AAF5113AM 
040 |c CSU  |d TXA  |d UtOrBLW 
049 |a TXAM  |c [167868] 
050 0 |a HM263  |b .R57 
082 0 |a 301.154 
092 |a 301.154  |b R727p 
100 1 |a Rogers, Lindsay,  |d 1891-1970. 
245 1 4 |a The pollsters ;  |b public opinion, politics and democratic leadership. 
250 |a [1st ed.]. 
264 1 |a New York :  |b A. A. Knopf,  |c 1949. 
300 |a xi, 239p. ;  |c 20cm. 
336 |a text  |b txt  |2 rdacontent 
337 |a unmediated  |b n  |2 rdamedia 
338 |a volume  |b nc  |2 rdacarrier 
504 |a Bibliographical footnotes. 
650 0 |a Public opinion polls. 
650 0 |a Public opinion  |z United States. 
651 0 |a United States  |x Politics and government  |y 20th century. 
999 |a MARS 
999 f f |s 61ba505c-ee15-3bb2-bbf6-45721034265b  |i 1d0e3b01-7958-3bba-96ae-6b95442b4c84  |t 0 
952 f f |p ric  |a Texas A&M University  |b Rellis Campus  |c Joint Library Facility  |d Remote Storage  |t 0  |e HM263 .R57  |h Library of Congress classification  |i unmediated -- volume  |m A14800638672 
998 f f |a HM263 .R57  |t 0  |l Remote Storage